000 00449nam a2200193Ia 4500
003 OSt
005 20230703161249.0
008 210423s9999 xx 000 0 und d
040 _cAL
041 _aeng
082 _a000
_223
_bANOG
100 _aANONYMOUS
_9117056
245 _aGeneral studies
260 _c2009
_aPrinceton University
_bUSA
365 _cINR
650 _aGeneral
_9117057
906 _aGeneral ; studies
942 _2ddc
_cBK
999 _c175500
_d175500